Finančný manažér štvrťročník Slovenskej asociácie podnikových finančníkov

Salvato in:
Dettagli Bibliografici
Natura: Periodico
Lingua:slovacco
Pubblicazione: Bratislava Slovenská asociácia podnikových finančníkov 2000
Soggetti:
Tags: Aggiungi Tag
Nessun Tag, puoi essere il primo ad aggiungerne!!

MARC

LEADER 00000nas2a2200000 4500
001 s124681
005 20231103122536.1
022 |a 1335-5813 
041 0 |a slo 
044 |a SK 
245 1 0 |a Finančný manažér  |b štvrťročník Slovenskej asociácie podnikových finančníkov 
264 1 |a Bratislava  |b Slovenská asociácia podnikových finančníkov  |c 2000 
300 |a 1 zv. 
773 0 |w eu_un_cat*s122002 
610 2 0 |a manažment finančný 
610 2 0 |a financie podnikové 
610 2 0 |a trh finančný